000 00934nam a22003017a 4500
001 7574
003 FISKH
005 20250724112259.0
008 250724b cb ||||| |||| 00| 0 eng d
020 _a0590308882
040 _aDLC
_cDLC
_dDLC
_beng
050 _aPZ7.C429 W
082 _a813.54
100 1 _aChew, Ruth
_d(1920–2010)
245 1 4 _aThe wishing tree /
_cby Ruth Chew ; illustrated by the author
250 _aThis edition first published in 1980
260 _aNew York :
_bScholastic,
_c1980
300 _a141 pages :
_billustrations ;
_c20 cm.
505 _aN
520 _aA bird and cat that talk and a special tree in a nearby park involve a brother and sister in some magical adventures.
521 8 _a590
_bLexile
521 8 _aN
_bRaz-Plus
650 1 _aMagic
_xFiction.
650 1 _aFantasy.
_2Cats--Fiction
700 _aChew, Ruth
_dillustrator
942 _2ddc
_cBK
_n0
999 _c7574
_d7574